| 000 | 00458nam a22001337a 4500 | ||
|---|---|---|---|
| 082 |
_a515.353 _bBRO _cL-3, P-30 |
||
| 100 |
_aBroman, Arne _939316 |
||
| 245 |
_aIntroduction to partial differential equations form fourier series to boundary vlaue problems _cBroman Arne |
||
| 260 |
_aPhilppines _bAddison Wesley Publishing Company, Inc. _c1970. |
||
| 300 | _aiv,179 p . : | ||
| 526 |
_a0 _b0 _c0 _d515_353000000000000_BRO |
||
| 650 |
_aMCE _9379 |
||
| 942 |
_2ddc _cBK |
||
| 999 |
_c543817 _d543817 |
||